Statistiques concernant Identification des portraits d'Empereurs Romains

Cliquez ici pour prendre le quiz!

Statistiques générales

  • Ce quiz a été pris 72 fois
  • Le résultat moyen est 8 sur 20

Statistiques - réponses

Réponse% Correct
Antonin le Pieux type Croix grecque 595
100%
Auguste Type Forbes
100%
Caligula
100%
Caracalla/Geta Type Gabies/Succession II
100%
Caracalla Type Avènement/Accession au Pouvoir
100%
Constantin
100%
Hadrien type Rollockenfrisur
100%
Hadrien type Vatican Busti 283
100%
Lucius Verus
100%
Marc Aurèle type IV/Philosophe
100%
Néron type III
100%
Néron type III
100%
Octave/Auguste Type Actium-Alcudia
100%
Tibère type Adoption
100%
Trajan type Corona Civica
100%
Auguste type Prima Porta
80%
Caligula
80%
Nerva type II Posthume
80%
Septime Sévère Type Adoption
80%
Commode
75%
Constantin
67%
Hadrien type Imperatori 32
67%
Marc Aurèle type Avènement
67%
Maximien Hercule
67%
Néron type Cagliari
67%
Vespasien type I
67%
Marc Aurèle type Avènement
63%
Auguste Type Prima Porta
60%
Aurelien/Dioclétien/Domitien/Claude le Gothique
50%
Caracalla Type Succession I
50%
César de Camposanto-Pise
50%
Claude
50%
Commode
50%
Constance Chlore type Berlin-Copenhague
50%
Gallien type Co-règne
50%
Hadrien type Chiaramonti 392
50%
Hadrien type Stazione Termini
50%
Maxime Pupien
50%
Septime Sévère Type Sérapis
50%
Tibère type Imperium Maius
50%
Trajan type Avènement
50%
Trajan type Decennalia
50%
Trajan type Sacrifice
50%
Vespasien type II
50%
Vitelius
50%
Commode en Hercule
40%
Héliogabale/Antonin le Jeune type II/Arrivée à Rome
40%
Titus
40%
Auguste type Forbes
33%
Dioclétien
33%
Marc Aurèle type Adolescent/Jeunesse
33%
Marc Aurèle type IV/Philosophe
33%
Néron type Parme
33%
Octave/Auguste Type (Béziers)-Spolète
33%
Tacite
33%
Commode type Avènement
25%
Galba
25%
Gordien III
25%
Maxime Pupien
25%
Septime Sévère type Sérapis
25%
Vespasien type III Posthume
25%
Dioclétien
22%
Commode type Adolescent/Jeunesse
20%
Gallien type règne personnel
20%
Octave/Auguste Type Béziers-(Spolète)
20%
Pertinax
20%
Geta Type Succession I
17%
Octave/Auguste Type Actium-Alcudia
14%
Antonin le Pieux type Formies
0%
Balbin
0%
Balbin
0%
Caracalla Type Avènement/Accession au Pouvoir
0%
Caracalla type Tivoli
0%
Carin
0%
César de Chiaramonti
0%
César de Tusculum
0%
Clodius Albinus
0%
Commode type enfant
0%
Constance Chlore type Berlin-Copenhague
0%
Constantin
0%
Domitien
0%
Gallien type Co-règne
0%
Gallien type Co-règne
0%
Gallien type règne personnel
0%
Gordien I
0%
Gordien III
0%
Gordien III
0%
Hadrien type Imperatori 32
0%
Hadrien type Paludamentum Baïes
0%
Hadrien type Stazione Termini
0%
Héliogabale/Antonin le Jeune type I
0%
Lucius Verus
0%
Macrin
0%
Marc Aurèle type Adoption
0%
Maxime Pupien
0%
Maximin le Thrace
0%
Maximin le Thrace
0%
Néron type Parme
0%
Nerva type I Vivant
0%
Othon
0%
Philippe l'Arabe
0%
Philippe l'Arabe
0%
Probus
0%
Septime Sévère Type Adoption
0%
Septime Sévère type Avènement
0%
Sévère Alexandre Type I
0%
Sévère Alexandre Type III
0%
Sévère Alexandre type II/Mariage
0%
Sévère Alexandre type IV
0%
Tibère type Avènement
0%
Titus
0%
Trajan Dece
0%
Trajan type Decennalia
0%
Trajan type Sacrifice
0%
Trébonien Galle
0%
Trébonien Galle
0%
Valérien
0%

Distribution des résultats

Percentile par nombre de réponses

% des personnes avec chaque résultat

Votre développement - résultats

Vous n’avez pas pris ce quiz